000 00313nam a2200133 i 4500
001 bg
100 1 _aSELLERS, F.
245 0 _aMetody obnaruzenija osibok w rabote ECWM /
_cF. Sellers.
260 _aMoskwa,
_c1972.
040 _cBPK
041 _apol
942 _cKS
008 s pl f |000 0 pol
999 _c14912
_d14912
856 _uhttp://koha.tu.koszalin.pl/cgi-bin/koha/opac-detail.pl?biblionumber=14912
_yKatalog online BPK